000 00665cam a22002053a 4500
001 37230
003 PGUSA
005 20140828083821.0
008 110828s2011||||xxu|||||s|||||000 | eng d
040 _aPGUSA
_beng
042 _adc
100 1 _aWheeler, J. M.
_q(Joseph Mazzini),
_d1850-1898
245 1 0 _aFrauds and Follies of the Fathers :
_bA Review of the Worth of their Testimony to the Four Gospels
_h[electronic resource] /
_cJ. M. Wheeler
260 _bProject Gutenberg,
_c2011
506 _aPublic domain in the USA.
516 _aElectronic text
830 0 _aProject Gutenberg
_v37230
856 4 0 _uhttp://www.gutenberg.org/ebooks/37230
942 _cEB
999 _c266484
_d266484